MARC

LEADER 00000nam0a2200000 4500
001 368033
005 20231102012037.0
035 |a (RuTPU)RU\TPU\retro\25396 
035 |a RU\TPU\retro\821 
090 |a 368033 
100 |a 20220329d1963 k y0rusy50 ca 
101 0 |a rus 
102 |a RU 
105 |a a z 001zy 
200 1 |a Проблемы региональной тектоники Евразии  |e [сборник трудов]  |f Академия наук СССР, Геологический институт ; отв. ред. Н. П. Херасков 
210 |a Москва  |c Изд-во АН СССР  |d 1963 
215 |a 360 с.  |c ил. 
225 1 |a Труды геологического института (ГИН)  |v Вып. 92 
320 |a Библиогр. в конце ст. 
327 0 |a Содерж.: Палей И.П. Основные черты тектоники Балтийского щита; Херасков Н.П.,Перфильев А.С. Основные особенности геосинклинальных структур Урала; Маркова Н.Г., Хорева Б.Я. Типы приразломных структур (зон смятия) и их генезис на примере Центрального Казахстана и Алтая; Зайцев Н.С. Особенности развития каледонид Сибири в среднем и верхнем палеозое; Муратов М.В. Типы геосинклинальных прогибов в альпийской складчатой области, их взаимоотношения и историческое развитие; Мушенко A.И. О некоторых особенностях развития структур Русской платформы; Журавлев B.С. Типы соляных куполов Прикаспийской синеклизы; Гарецкий Р.Г., Самодуров В.И., Шлезингер А.Е., Яншин А.Е. Тектоника платформенного чехла Туранской плиты; Соболевская В.Н. Некоторые закономерности формирования структур чехлах эпипалеозойских плит; Туголесов Д.А. О методике составления тектонических карт (на примере Устюрта); Нагибина М.С. Впадины и прогибы восточно-азиатской группы и их положение в систематике тектонических форм. 
513 1 |a Problems of regional tectonics of Eurasia  |z eng 
606 1 |a Тектоника  |2 stltpush  |3 (RuTPU)RU\TPU\subj\58770  |9 76521 
610 1 |a Евразия 
610 1 |a Балтийский щит 
610 1 |a Урал 
610 1 |a зоны смятия 
610 1 |a Казахстан 
610 1 |a Алтай 
610 1 |a Русская платформа 
610 1 |a Туранская плита 
675 |a 551.24  |v 4 
702 1 |a Херасков  |b Н. П.  |c российский ученый  |c геолог  |f 1906-1965  |g Николай Павлович  |2 stltpush  |3 (RuTPU)RU\TPU\pers\13359  |4 340  |9 4014 
712 0 2 |a Академия наук СССР  |b Геологический институт  |c (Москва)  |2 stltpush  |3 (RuTPU)RU\TPU\col\11354  |9 25059 
801 1 |a RU  |b 63413507  |c 20180329 
801 2 |a RU  |b 63413507  |c 20220329  |g RCR 
942 |c BK